The management of business and public organizations (Record no. 82450)

MARC details
000 -LEADER
fixed length control field 01002nam a2200193 a 4500
008 - FIXED-LENGTH DATA ELEMENTS--GENERAL INFORMATION
fixed length control field 120416s1977 ||||||||||||||||| || u
050 ## - LIBRARY OF CONGRESS CALL NUMBER
Classification number HD 31 Buc
100 ## - MAIN ENTRY--PERSONAL NAME
Personal name Buchele, Robert B
245 14 - TITLE STATEMENT
Title The management of business and public organizations
260 ## - PUBLICATION, DISTRIBUTION, ETC.
Place of publication, distribution, etc. Tokyo
Name of publisher, distributor, etc. McGraw-Hill
Date of publication, distribution, etc. 1977
350 ## -
-- 0.00
650 #0 - SUBJECT ADDED ENTRY--TOPICAL TERM
Topical term or geographic name entry element MANAGEMENT
650 ## - SUBJECT ADDED ENTRY--TOPICAL TERM
Topical term or geographic name entry element BUSINESS MANAGEMENT
650 ## - SUBJECT ADDED ENTRY--TOPICAL TERM
Topical term or geographic name entry element PUBLIC ORGANIZATIONS
995 ## -
-- BINDERY (DAMAGED)
-- 0.00
-- 706110
-- CBU-MAIN LIBRARY (Kitwe)
-- 2
-- 0.00
-- HD 31 Buc
-- 2
-- DAMAGED
-- 003034
-- Main Library Open Access Collection
995 ## -
-- BINDERY (DAMAGED)
-- 0.00
-- 705552
-- CBU-MAIN LIBRARY (Kitwe)
-- 1
-- 0.00
-- HD 31 Buc
-- 4
-- DAMAGED
-- 003036
-- Main Library Open Access Collection
995 ## -
-- BINDERY (DAMAGED)
-- 0.00
-- 702322
-- CBU-MAIN LIBRARY (Kitwe)
-- 4
-- 0.00
-- HD 31 Buc
-- 1
-- DAMAGED
-- 003033
-- Main Library Open Access Collection
995 ## -
-- BINDERY (DAMAGED)
-- 0.00
-- 705553
-- CBU-MAIN LIBRARY (Kitwe)
-- 3
-- 0.00
-- HD 31 Buc
-- 3
-- DAMAGED
-- 003035
-- Main Library Open Access Collection
999 ## -
-- 82450
-- 82450
Holdings
Withdrawn status Lost status Source of classification or shelving scheme Damaged status Not for loan Permanent Location Current Location Shelving location Date acquired Total Checkouts Full call number Barcode Date last seen Copy number Price effective from Koha item type
          CBU-MAIN LIBRARY, KITWE. CBU-MAIN LIBRARY, KITWE.   09/29/2023   HD 31 Buc 003034 09/29/2023 1 09/29/2023 MONOGRAPH
          CBU-MAIN LIBRARY, KITWE. CBU-MAIN LIBRARY, KITWE.   09/29/2023   HD 31 Buc 003036 09/29/2023 2 09/29/2023 MONOGRAPH
          CBU-MAIN LIBRARY, KITWE. CBU-MAIN LIBRARY, KITWE.   09/29/2023   HD 31 Buc 003033 09/29/2023 3 09/29/2023 MONOGRAPH
          CBU-MAIN LIBRARY, KITWE. CBU-MAIN LIBRARY, KITWE.   09/29/2023   HD 31 Buc 003035 09/29/2023 4 09/29/2023 MONOGRAPH